| 000 | 01923nam0a2200349 i 4500 | ||
|---|---|---|---|
| 001 | RU\NLR\BIBL_A\010859169 | ||
| 005 | 20260405125331.0 | ||
| 010 |
_a9785814919908 _9500 |
||
| 021 |
_aRU _b2015-68017 _94070 |
||
| 035 | _a(NILC)RuMoRGB-008011718 | ||
| 035 | _a(NLR Aleph) 010859169 | ||
| 090 |
_a10412467 _c10412467 |
||
| 100 | _a20151012d2015 k y0rusy50 ca | ||
| 101 | 0 | _arus | |
| 102 | _aRU | ||
| 105 | _aa|||z|||000yy | ||
| 200 | 1 |
_aЭлектротехнологические установки для нефтедобычи _eмонография _fА.Ю. Ковалев, Е.М. Кузнецов, В.В. Аникин _gМинобрнауки России, Федер. гос. бюджет. образоват. учреждение высш. проф. образования "Омск. гос. техн. ун-т", Негос. образоват. учреждение высш. проф. образования "Акад. ин-т приклад. энергетики" (г. Нижневартовск) |
|
| 210 |
_aОмск _cИзд-во ОмГТУ _d2015 |
||
| 215 |
_a158, [1] с. _cил. _d21 |
||
| 320 | _aБиблиогр.: с. 155-158 (47 назв.) | ||
| 606 | 1 |
_aНефть _xДобыча глубокими насосами _xЭлектрооборудование _91729403 _3RU\NLR\AUTH\66772726 |
|
| 675 | _a622.32 | ||
| 686 | 1 | _aИ361.3-5-048.2 | |
| 700 | 1 |
_8rus _7ca _aКовалев _bА. Ю. _cканд. техн. наук _gАлександр Юрьевич _3RU\NLR\AUTH\7750669 _933603 |
|
| 701 | 1 |
_8rus _7ca _aКузнецов _bЕ. М. _cканд. техн. наук _gЕвгений Михайлович _3RU\NLR\AUTH\7736519 _919509 |
|
| 701 | 1 |
_aАникин _bВ. В. _gВасилий Владимирович |
|
| 801 | 0 |
_aRU _bРГБ _c20150903 _gRCR |
|
| 801 | 2 |
_aRU _bРГБ _c20150909 _grcr |
|
| 942 | _cBOOK | ||
| 980 | _aNBR | ||